| 000 | 01439cam a22003614a 4500 | ||
|---|---|---|---|
| 001 | 11950632 | ||
| 003 | GZU | ||
| 005 | 20241211080246.0 | ||
| 008 | 000323s1998 enka b 000 0 eng | ||
| 010 | _a 00302569 | ||
| 020 | _a185339422X | ||
| 022 | _a. | ||
| 040 |
_aDLC _cDLC _dDLC |
||
| 042 | _apcc | ||
| 043 | _aa-cc--- | ||
| 050 | 0 | 0 |
_aT173.8 _b.PIE 1998 |
| 100 | 1 |
_aPiek, Hannah. _eauthor |
|
| 245 | 1 | 0 |
_aTechnology development in rural industries : _ba study of China's collectives / _cHannah Piek. |
| 260 |
_aLondon : _bIntermediate Technology Publications and Thela Publishers, _c1998. |
||
| 300 |
_a273 p. : _bill. ; _c24 cm. |
||
| 504 | _aIncludes bibliographical references (p. [265]-273). | ||
| 505 | _a. | ||
| 520 | _a. | ||
| 650 | 0 |
_aTechnological innovations _zChina _zSichuan Sheng. |
|
| 650 | 0 |
_aRural industries _zChina _zSichuan Sheng. |
|
| 650 | 0 |
_aSmall business _zChina _zSichuan Sheng. |
|
| 856 | 4 | 2 |
_3Publisher description _uhttp://www.loc.gov/catdir/enhancements/fy1115/00302569-d.html |
| 856 | 4 | 1 |
_3Table of contents only _uhttp://www.loc.gov/catdir/enhancements/fy1115/00302569-t.html |
| 856 | 4 | 2 |
_3Contributor biographical information _uhttp://www.loc.gov/catdir/enhancements/fy1207/00302569-b.html |
| 906 |
_a7 _bcbc _corignew _d3 _encip _f20 _gy-gencatlg |
||
| 942 |
_2lcc _cBK _h173.8 _iPIE _kT |
||
| 999 |
_c2381 _d2381 |
||